Manažment spoločenskej zodpovednosti organizácií

Charakteristika spoločenskej zodpovednosti a význam jej riadenia v organizácii. Základné piliere spoločenskej zodpovednosti. Porovnanie vybraných nástrojov v oblasti manažmentu spoločenskej zodpovednosti.

Na minha lista:
Detalhes bibliográficos
Autor principal: Sütöová, Andrea
Outros Autores: Girmanová, Lenka
Formato: Capítulo de Livro
Idioma:eslovaco
Assuntos:
Tags: Adicionar Tag
Sem tags, seja o primeiro a adicionar uma tag!

MARC

LEADER 00000naa a2200000 4500
001 0128048
005 20231116121751.3
041 0 |a slo 
044 |a SK 
245 1 0 |a Manažment spoločenskej zodpovednosti organizácií  |c Andrea Sütöová, Lenka Girmanová 
520 |a Charakteristika spoločenskej zodpovednosti a význam jej riadenia v organizácii. Základné piliere spoločenskej zodpovednosti. Porovnanie vybraných nástrojov v oblasti manažmentu spoločenskej zodpovednosti. 
610 2 0 |a zodpovednosť spoločenská 
610 2 0 |a podnikanie zodpovedné 
610 2 0 |a riadenie podnikové 
610 2 0 |a normy spoločenské 
610 2 0 |a manažment environmentálny 
100 1 |a Sütöová, Andrea 
700 1 |a Girmanová, Lenka